Normal view
MARC view
- O'RILEY, RONALD P
Entry Personal Name
001 - CONTROL NUMBER
- control field: 62319
003 - CONTROL NUMBER IDENTIFIER
- control field: NUST
005 - DATE AND TIME OF LATEST TRANSACTION
- control field: 20210628202924.0
008 - FIXED-LENGTH DATA ELEMENTS
- fixed length control field: 210628|| aca||aabn | a|a d
040 ## - CATALOGING SOURCE
- Original cataloging agency: NUST
- Transcribing agency: NUST
100 ## - HEADING--PERSONAL NAME
- Personal name: O'RILEY, RONALD P
670 ## - SOURCE DATA FOUND
- Source citation: Work cat.: (NUST): O'RILEY, RONALD P, ELECTRICAL GROUNDING,BRINGING GROUNDING BACK TO EARTH , BASED ON THE 1987 NATIONAL ELECTRICAL CODE, 1988
